<?xml version="1.0" encoding="UTF-8"?><marc:collection xmlns:marc="http://www.loc.gov/MARC21/slim">
  <marc:record>
    <marc:leader>04644nas a2200889 c 4500</marc:leader>
    <marc:controlfield tag="001">010001859</marc:controlfield>
    <marc:controlfield tag="003">DE-101</marc:controlfield>
    <marc:controlfield tag="005">20250311204328.0</marc:controlfield>
    <marc:controlfield tag="006">sm</marc:controlfield>
    <marc:controlfield tag="007">tu</marc:controlfield>
    <marc:controlfield tag="008">991118d19652004gw q||p|  ||| 0||||1ger c</marc:controlfield>
    <marc:datafield tag="015" ind1=" " ind2=" ">
      <marc:subfield code="a">05,A14,0410</marc:subfield>
      <marc:subfield code="2">dnb</marc:subfield>
    </marc:datafield>
    <marc:datafield tag="016" ind1="7" ind2=" ">
      <marc:subfield code="2">DE-600</marc:subfield>
      <marc:subfield code="a">222-7</marc:subfield>
    </marc:datafield>
    <marc:datafield tag="016" ind1="7" ind2=" ">
      <marc:subfield code="2">DE-101</marc:subfield>
      <marc:subfield code="a">010001859</marc:subfield>
    </marc:datafield>
    <marc:datafield tag="022" ind1=" " ind2=" ">
      <marc:subfield code="a">0020-9430</marc:subfield>
    </marc:datafield>
    <marc:datafield tag="022" ind1=" " ind2=" ">
      <marc:subfield code="a">0020-9430</marc:subfield>
      <marc:subfield code="2">6</marc:subfield>
    </marc:datafield>
    <marc:datafield tag="035" ind1=" " ind2=" ">
      <marc:subfield code="a">(DE-599)ZDB222-7</marc:subfield>
    </marc:datafield>
    <marc:datafield tag="035" ind1=" " ind2=" ">
      <marc:subfield code="a">(OCoLC)1367312707</marc:subfield>
    </marc:datafield>
    <marc:datafield tag="040" ind1=" " ind2=" ">
      <marc:subfield code="a">9001</marc:subfield>
      <marc:subfield code="b">ger</marc:subfield>
      <marc:subfield code="c">DE-101</marc:subfield>
      <marc:subfield code="d">9999</marc:subfield>
    </marc:datafield>
    <marc:datafield tag="041" ind1=" " ind2=" ">
      <marc:subfield code="a">ger</marc:subfield>
    </marc:datafield>
    <marc:datafield tag="042" ind1=" " ind2=" ">
      <marc:subfield code="a">zdb</marc:subfield>
    </marc:datafield>
    <marc:datafield tag="044" ind1=" " ind2=" ">
      <marc:subfield code="c">XA-DE</marc:subfield>
    </marc:datafield>
    <marc:datafield tag="082" ind1="7" ind2="4">
      <marc:subfield code="a">330</marc:subfield>
      <marc:subfield code="a">960</marc:subfield>
      <marc:subfield code="q">DE-101</marc:subfield>
      <marc:subfield code="2">22sdnb</marc:subfield>
    </marc:datafield>
    <marc:datafield tag="083" ind1="7" ind2=" ">
      <marc:subfield code="a">300</marc:subfield>
      <marc:subfield code="a">330</marc:subfield>
      <marc:subfield code="q">DE-600</marc:subfield>
      <marc:subfield code="2">22sdnb</marc:subfield>
    </marc:datafield>
    <marc:datafield tag="084" ind1=" " ind2=" ">
      <marc:subfield code="a">6,31</marc:subfield>
      <marc:subfield code="a">6,31</marc:subfield>
      <marc:subfield code="2">ssgn</marc:subfield>
    </marc:datafield>
    <marc:datafield tag="084" ind1=" " ind2=" ">
      <marc:subfield code="a">AFRIKA</marc:subfield>
      <marc:subfield code="q">DE-30</marc:subfield>
      <marc:subfield code="2">fid</marc:subfield>
    </marc:datafield>
    <marc:datafield tag="084" ind1=" " ind2=" ">
      <marc:subfield code="a">610</marc:subfield>
      <marc:subfield code="a">650</marc:subfield>
      <marc:subfield code="2">rpb</marc:subfield>
    </marc:datafield>
    <marc:datafield tag="210" ind1="0" ind2="0">
      <marc:subfield code="a">Int Afr Forum</marc:subfield>
    </marc:datafield>
    <marc:datafield tag="210" ind1="0" ind2="0">
      <marc:subfield code="a">Internat Afrikaforum</marc:subfield>
    </marc:datafield>
    <marc:datafield tag="222" ind1=" " ind2="0">
      <marc:subfield code="a">Internationales Afrika-Forum</marc:subfield>
    </marc:datafield>
    <marc:datafield tag="245" ind1="0" ind2="0">
      <marc:subfield code="a">Internationales Afrikaforum</marc:subfield>
      <marc:subfield code="c">in Zsarb. mit: Europäisches Institut für Politische, Wirtschaftliche und Soziale Fragen e.V.</marc:subfield>
    </marc:datafield>
    <marc:datafield tag="264" ind1="3" ind2="1">
      <marc:subfield code="a">Bonn</marc:subfield>
      <marc:subfield code="b">Weltforum Verl.</marc:subfield>
      <marc:subfield code="c">1965-2004</marc:subfield>
    </marc:datafield>
    <marc:datafield tag="264" ind1="2" ind2="1">
      <marc:subfield code="3">-1980,3</marc:subfield>
      <marc:subfield code="a">München</marc:subfield>
      <marc:subfield code="b">Weltforum Verl.</marc:subfield>
    </marc:datafield>
    <marc:datafield tag="264" ind1="2" ind2="1">
      <marc:subfield code="3">1980,4</marc:subfield>
      <marc:subfield code="a">Köln</marc:subfield>
      <marc:subfield code="a">München</marc:subfield>
      <marc:subfield code="b">Weltforum Verl.</marc:subfield>
    </marc:datafield>
    <marc:datafield tag="264" ind1="2" ind2="1">
      <marc:subfield code="3">1981-1985</marc:subfield>
      <marc:subfield code="a">Köln</marc:subfield>
      <marc:subfield code="a">München  [u.a.]</marc:subfield>
      <marc:subfield code="b">Weltforum Verl.</marc:subfield>
    </marc:datafield>
    <marc:datafield tag="264" ind1="2" ind2="1">
      <marc:subfield code="3">früher</marc:subfield>
      <marc:subfield code="a">Köln</marc:subfield>
      <marc:subfield code="a">Bonn</marc:subfield>
      <marc:subfield code="b">Weltforum Verl.</marc:subfield>
    </marc:datafield>
    <marc:datafield tag="336" ind1=" " ind2=" ">
      <marc:subfield code="a">Text</marc:subfield>
      <marc:subfield code="b">txt</marc:subfield>
      <marc:subfield code="2">rdacontent</marc:subfield>
    </marc:datafield>
    <marc:datafield tag="337" ind1=" " ind2=" ">
      <marc:subfield code="a">ohne Hilfsmittel zu benutzen</marc:subfield>
      <marc:subfield code="b">n</marc:subfield>
      <marc:subfield code="2">rdamedia</marc:subfield>
    </marc:datafield>
    <marc:datafield tag="338" ind1=" " ind2=" ">
      <marc:subfield code="a">Band</marc:subfield>
      <marc:subfield code="b">nc</marc:subfield>
      <marc:subfield code="2">rdacarrier</marc:subfield>
    </marc:datafield>
    <marc:datafield tag="362" ind1="0" ind2=" ">
      <marc:subfield code="a">1.1965 - 40.2004; damit Ersch. eingest.</marc:subfield>
    </marc:datafield>
    <marc:datafield tag="363" ind1="0" ind2="0">
      <marc:subfield code="8">1.1\x</marc:subfield>
      <marc:subfield code="a">1</marc:subfield>
      <marc:subfield code="i">1965/40</marc:subfield>
    </marc:datafield>
    <marc:datafield tag="363" ind1="1" ind2="0">
      <marc:subfield code="8">1.2\x</marc:subfield>
      <marc:subfield code="i">2004</marc:subfield>
    </marc:datafield>
    <marc:datafield tag="550" ind1=" " ind2=" ">
      <marc:subfield code="a">Urh. bis 17.1981: Europäisches Institut für Politische, Wirtschaftliche und Soziale Fragen; Beteil. Körp. teils: Ifo-Institut für Wirtschaftsforschung e.V., Entwicklungsländer-, Afrikastudienstelle; Europäisches Institut für Politische, Wirtschaftliche und Soziale Fragen e.V.</marc:subfield>
    </marc:datafield>
    <marc:datafield tag="583" ind1="1" ind2=" ">
      <marc:subfield code="a">Archivierung/Langzeitarchivierung gewährleistet</marc:subfield>
      <marc:subfield code="c">2020</marc:subfield>
      <marc:subfield code="f">PENW</marc:subfield>
      <marc:subfield code="5">DE-5</marc:subfield>
      <marc:subfield code="2">pdager</marc:subfield>
    </marc:datafield>
    <marc:datafield tag="591" ind1=" " ind2=" ">
      <marc:subfield code="a">43!(25-01-05)</marc:subfield>
    </marc:datafield>
    <marc:datafield tag="650" ind1=" " ind2="7">
      <marc:subfield code="0">(DE-588)4073972-7</marc:subfield>
      <marc:subfield code="0">https://d-nb.info/gnd/4073972-7</marc:subfield>
      <marc:subfield code="0">(DE-101)040739724</marc:subfield>
      <marc:subfield code="a">Landeskunde</marc:subfield>
      <marc:subfield code="9">rswk-swf</marc:subfield>
      <marc:subfield code="2">gnd</marc:subfield>
    </marc:datafield>
    <marc:datafield tag="650" ind1=" " ind2="7">
      <marc:subfield code="0">(DE-588)4070860-3</marc:subfield>
      <marc:subfield code="0">https://d-nb.info/gnd/4070860-3</marc:subfield>
      <marc:subfield code="0">(DE-101)040708608</marc:subfield>
      <marc:subfield code="a">Entkolonialisierung</marc:subfield>
      <marc:subfield code="9">rswk-swf</marc:subfield>
      <marc:subfield code="2">gnd</marc:subfield>
    </marc:datafield>
    <marc:datafield tag="650" ind1=" " ind2="7">
      <marc:subfield code="0">(DE-588)4066438-7</marc:subfield>
      <marc:subfield code="0">https://d-nb.info/gnd/4066438-7</marc:subfield>
      <marc:subfield code="0">(DE-101)040664384</marc:subfield>
      <marc:subfield code="a">Wirtschaftsentwicklung</marc:subfield>
      <marc:subfield code="9">rswk-swf</marc:subfield>
      <marc:subfield code="2">gnd</marc:subfield>
    </marc:datafield>
    <marc:datafield tag="650" ind1=" " ind2="7">
      <marc:subfield code="0">(DE-588)4046514-7</marc:subfield>
      <marc:subfield code="0">https://d-nb.info/gnd/4046514-7</marc:subfield>
      <marc:subfield code="0">(DE-101)040465144</marc:subfield>
      <marc:subfield code="a">Politik</marc:subfield>
      <marc:subfield code="9">rswk-swf</marc:subfield>
      <marc:subfield code="2">gnd</marc:subfield>
    </marc:datafield>
    <marc:datafield tag="650" ind1=" " ind2="7">
      <marc:subfield code="0">(DE-588)4066399-1</marc:subfield>
      <marc:subfield code="0">https://d-nb.info/gnd/4066399-1</marc:subfield>
      <marc:subfield code="0">(DE-101)04066399X</marc:subfield>
      <marc:subfield code="a">Wirtschaft</marc:subfield>
      <marc:subfield code="9">rswk-swf</marc:subfield>
      <marc:subfield code="2">gnd</marc:subfield>
    </marc:datafield>
    <marc:datafield tag="651" ind1=" " ind2="7">
      <marc:subfield code="0">(DE-588)4000695-5</marc:subfield>
      <marc:subfield code="0">https://d-nb.info/gnd/4000695-5</marc:subfield>
      <marc:subfield code="0">(DE-101)040006956</marc:subfield>
      <marc:subfield code="a">Afrika</marc:subfield>
      <marc:subfield code="9">rswk-swf</marc:subfield>
      <marc:subfield code="2">gnd</marc:subfield>
    </marc:datafield>
    <marc:datafield tag="651" ind1=" " ind2="7">
      <marc:subfield code="0">(DE-588)4000695-5</marc:subfield>
      <marc:subfield code="0">https://d-nb.info/gnd/4000695-5</marc:subfield>
      <marc:subfield code="0">(DE-101)040006956</marc:subfield>
      <marc:subfield code="a">Afrika</marc:subfield>
      <marc:subfield code="9">rswk-swf</marc:subfield>
      <marc:subfield code="2">gnd</marc:subfield>
    </marc:datafield>
    <marc:datafield tag="651" ind1=" " ind2="7">
      <marc:subfield code="0">(DE-588)4000695-5</marc:subfield>
      <marc:subfield code="0">https://d-nb.info/gnd/4000695-5</marc:subfield>
      <marc:subfield code="0">(DE-101)040006956</marc:subfield>
      <marc:subfield code="a">Afrika</marc:subfield>
      <marc:subfield code="9">rswk-swf</marc:subfield>
      <marc:subfield code="2">gnd</marc:subfield>
    </marc:datafield>
    <marc:datafield tag="655" ind1=" " ind2="7">
      <marc:subfield code="0">(DE-588)4067488-5</marc:subfield>
      <marc:subfield code="0">https://d-nb.info/gnd/4067488-5</marc:subfield>
      <marc:subfield code="0">(DE-101)040674886</marc:subfield>
      <marc:subfield code="a">Zeitschrift</marc:subfield>
      <marc:subfield code="2">gnd-content</marc:subfield>
    </marc:datafield>
    <marc:datafield tag="655" ind1=" " ind2="7">
      <marc:subfield code="a">Zeitschrift</marc:subfield>
      <marc:subfield code="9">rswk-swf</marc:subfield>
      <marc:subfield code="2">gnd</marc:subfield>
    </marc:datafield>
    <marc:datafield tag="655" ind1=" " ind2="7">
      <marc:subfield code="a">Zeitschrift</marc:subfield>
      <marc:subfield code="9">rswk-swf</marc:subfield>
      <marc:subfield code="2">gnd</marc:subfield>
    </marc:datafield>
    <marc:datafield tag="655" ind1=" " ind2="7">
      <marc:subfield code="a">Zeitschrift</marc:subfield>
      <marc:subfield code="9">rswk-swf</marc:subfield>
      <marc:subfield code="2">gnd</marc:subfield>
    </marc:datafield>
    <marc:datafield tag="689" ind1="0" ind2="0">
      <marc:subfield code="0">(DE-588)4000695-5</marc:subfield>
      <marc:subfield code="0">https://d-nb.info/gnd/4000695-5</marc:subfield>
      <marc:subfield code="0">(DE-101)040006956</marc:subfield>
      <marc:subfield code="D">g</marc:subfield>
      <marc:subfield code="a">Afrika</marc:subfield>
    </marc:datafield>
    <marc:datafield tag="689" ind1="0" ind2="1">
      <marc:subfield code="0">(DE-588)4073972-7</marc:subfield>
      <marc:subfield code="0">https://d-nb.info/gnd/4073972-7</marc:subfield>
      <marc:subfield code="0">(DE-101)040739724</marc:subfield>
      <marc:subfield code="D">s</marc:subfield>
      <marc:subfield code="a">Landeskunde</marc:subfield>
    </marc:datafield>
    <marc:datafield tag="689" ind1="0" ind2="2">
      <marc:subfield code="A">f</marc:subfield>
      <marc:subfield code="a">Zeitschrift</marc:subfield>
    </marc:datafield>
    <marc:datafield tag="689" ind1="0" ind2=" ">
      <marc:subfield code="5">DE-600</marc:subfield>
      <marc:subfield code="5">DE-600</marc:subfield>
    </marc:datafield>
    <marc:datafield tag="689" ind1="1" ind2="0">
      <marc:subfield code="0">(DE-588)4000695-5</marc:subfield>
      <marc:subfield code="0">https://d-nb.info/gnd/4000695-5</marc:subfield>
      <marc:subfield code="0">(DE-101)040006956</marc:subfield>
      <marc:subfield code="D">g</marc:subfield>
      <marc:subfield code="a">Afrika</marc:subfield>
    </marc:datafield>
    <marc:datafield tag="689" ind1="1" ind2="1">
      <marc:subfield code="0">(DE-588)4070860-3</marc:subfield>
      <marc:subfield code="0">https://d-nb.info/gnd/4070860-3</marc:subfield>
      <marc:subfield code="0">(DE-101)040708608</marc:subfield>
      <marc:subfield code="D">s</marc:subfield>
      <marc:subfield code="a">Entkolonialisierung</marc:subfield>
    </marc:datafield>
    <marc:datafield tag="689" ind1="1" ind2="2">
      <marc:subfield code="0">(DE-588)4066438-7</marc:subfield>
      <marc:subfield code="0">https://d-nb.info/gnd/4066438-7</marc:subfield>
      <marc:subfield code="0">(DE-101)040664384</marc:subfield>
      <marc:subfield code="D">s</marc:subfield>
      <marc:subfield code="a">Wirtschaftsentwicklung</marc:subfield>
    </marc:datafield>
    <marc:datafield tag="689" ind1="1" ind2="3">
      <marc:subfield code="A">f</marc:subfield>
      <marc:subfield code="a">Zeitschrift</marc:subfield>
    </marc:datafield>
    <marc:datafield tag="689" ind1="1" ind2=" ">
      <marc:subfield code="5">DE-600</marc:subfield>
      <marc:subfield code="5">DE-600</marc:subfield>
    </marc:datafield>
    <marc:datafield tag="689" ind1="2" ind2="0">
      <marc:subfield code="0">(DE-588)4000695-5</marc:subfield>
      <marc:subfield code="0">https://d-nb.info/gnd/4000695-5</marc:subfield>
      <marc:subfield code="0">(DE-101)040006956</marc:subfield>
      <marc:subfield code="D">g</marc:subfield>
      <marc:subfield code="a">Afrika</marc:subfield>
    </marc:datafield>
    <marc:datafield tag="689" ind1="2" ind2="1">
      <marc:subfield code="0">(DE-588)4046514-7</marc:subfield>
      <marc:subfield code="0">https://d-nb.info/gnd/4046514-7</marc:subfield>
      <marc:subfield code="0">(DE-101)040465144</marc:subfield>
      <marc:subfield code="D">s</marc:subfield>
      <marc:subfield code="a">Politik</marc:subfield>
    </marc:datafield>
    <marc:datafield tag="689" ind1="2" ind2="2">
      <marc:subfield code="0">(DE-588)4066399-1</marc:subfield>
      <marc:subfield code="0">https://d-nb.info/gnd/4066399-1</marc:subfield>
      <marc:subfield code="0">(DE-101)04066399X</marc:subfield>
      <marc:subfield code="D">s</marc:subfield>
      <marc:subfield code="a">Wirtschaft</marc:subfield>
    </marc:datafield>
    <marc:datafield tag="689" ind1="2" ind2="3">
      <marc:subfield code="A">f</marc:subfield>
      <marc:subfield code="a">Zeitschrift</marc:subfield>
    </marc:datafield>
    <marc:datafield tag="689" ind1="2" ind2=" ">
      <marc:subfield code="5">DE-600</marc:subfield>
      <marc:subfield code="5">DE-600</marc:subfield>
    </marc:datafield>
    <marc:datafield tag="710" ind1="2" ind2=" ">
      <marc:subfield code="0">(DE-588)2078701-7</marc:subfield>
      <marc:subfield code="0">https://d-nb.info/gnd/2078701-7</marc:subfield>
      <marc:subfield code="0">(DE-101)007281730</marc:subfield>
      <marc:subfield code="a">Europäisches Institut für Politische, Wirtschaftliche und Soziale Fragen</marc:subfield>
      <marc:subfield code="e">Herausgebendes Organ</marc:subfield>
      <marc:subfield code="4">isb</marc:subfield>
      <marc:subfield code="2">gnd</marc:subfield>
    </marc:datafield>
    <marc:datafield tag="776" ind1="0" ind2="8">
      <marc:subfield code="i">Erscheint auch als</marc:subfield>
      <marc:subfield code="n">Online-Ausgabe</marc:subfield>
      <marc:subfield code="t">Internationales Afrikaforum / Aufsätze</marc:subfield>
      <marc:subfield code="d">Köln ; Bonn : Weltforum, 1999-</marc:subfield>
      <marc:subfield code="w">(DE-600)2142723-9</marc:subfield>
      <marc:subfield code="w">(DE-101)025861662</marc:subfield>
    </marc:datafield>
    <marc:datafield tag="776" ind1="0" ind2="8">
      <marc:subfield code="i">Erscheint auch als</marc:subfield>
      <marc:subfield code="n">Online-Ausgabe</marc:subfield>
      <marc:subfield code="t">Internationales Afrikaforum / Chronik</marc:subfield>
      <marc:subfield code="d">Köln ; Bonn : Weltforum, 1999-2004</marc:subfield>
      <marc:subfield code="w">(DE-600)2142725-2</marc:subfield>
      <marc:subfield code="w">(DE-101)025861697</marc:subfield>
    </marc:datafield>
    <marc:datafield tag="850" ind1=" " ind2=" ">
      <marc:subfield code="a">DE-101a</marc:subfield>
      <marc:subfield code="a">DE-101b</marc:subfield>
    </marc:datafield>
    <marc:datafield tag="889" ind1=" " ind2=" ">
      <marc:subfield code="w">(DE-101)946557578</marc:subfield>
    </marc:datafield>
    <marc:datafield tag="925" ind1="r" ind2=" ">
      <marc:subfield code="a">ra</marc:subfield>
    </marc:datafield>
  </marc:record>
</marc:collection>
